Germany vs Argentina - FIFA World Cup final 2014 squads - Statistics

General Stats
  • This quiz has been taken 1,610 times
  • The average score is 25 of 48
Answer Stats
Hint Answer % Correct
Manuel Neuer
97%
Lionel Messi
95%
Philipp Lahm
91%
Miroslav Klose
88%
Thomas Müller
88%
Jérôme Boateng
87%
Mats Hummels
87%
Mario Götze
86%
Gonzalo Higuaín
84%
Joachim Löw
83%
Toni Kroos
80%
Sergio Romero
78%
Ángel Di María
76%
Mesut Özil
76%
Sergio Agüero
74%
Bastian Schweinsteiger
73%
Sami Khedira
71%
Javier Mascherano
69%
André Schürrle
63%
Benedikt Höwedes
59%
Marcos Rojo
56%
Pablo Zabaleta
48%
Christoph Kramer
47%
Lukas Podolski
47%
Roman Weidenfeller
43%
Ezequiel Lavezzi
41%
Martín Demichelis
40%
Per Mertesacker
40%
Lucas Biglia
38%
Ezequiel Garay
37%
Rodrigo Palacio
33%
Julian Draxler
32%
Shkodran Mustafi
32%
Ron-Robert Zieler
31%
Enzo Pérez
29%
Matthias Ginter
28%
Alejandro Sabella
26%
Erik Durm
26%
Kevin Großkreutz
26%
Maxi Rodríguez
23%
Augusto Fernández
21%
Federico Fernández
21%
Fernando Gago
20%
Mariano Andújar
15%
Agustín Orión
14%
Hugo Campagnaro
12%
José María Basanta
10%
Ricardo Álvarez
10%
No matching quizzes found
Score Distribution
Percent of People with Each Score
Percentile by Number Answered
Your Score History
You have not taken this quiz